| 000 | 00000nam 2200000zi 4500 |
| 001 | 9.929383 |
| 003 | CaOODSP |
| 005 | 20240129155904 |
| 006 | m o d f |
| 007 | cr cn||||||||| |
| 008 | 231024e202401##onc o f000 0 eng d |
| 020 | |a9780660684536 |
| 040 | |aCaOODSP|beng|erda|cCaOODSP |
| 043 | |an-cn--- |
| 086 | 1 |aHP40-348/2023E-PDF |
| 245 | 00|aLet's talk about syphilis : |btips for health professionals on the screening and management of syphilis in Canada. |
| 264 | 1|a[Ottawa] : |bPublic Health Agency of Canada = Agence de la santé publique du Canada, |cJanuary 2024. |
| 264 | 4|c©2023 |
| 300 | |a1 online resource (2 unnumbered pages) |
| 336 | |atext|btxt|2rdacontent |
| 337 | |acomputer|bc|2rdamedia |
| 338 | |aonline resource|bcr|2rdacarrier |
| 500 | |aIssued also in French under title: Parlons de la syphilis : conseils aux professionnels de la santé sur le dépistage et la prise en charge de la syphilis au Canada. |
| 500 | |aCaption title. |
| 650 | 0|aSyphilis|zCanada. |
| 710 | 2 |aPublic Health Agency of Canada, |eissuing body. |
| 775 | 08|tParlons de la syphilis : |w(CaOODSP)9.929384 |
| 856 | 40|qPDF|s426 KB|uhttps://publications.gc.ca/collections/collection_2024/aspc-phac/HP40-348-2023-eng.pdf |
| 856 | 4 |qHTML|sN/A|uhttps://www.canada.ca/en/public-health/services/publications/diseases-conditions/lets-talk-about-syphilis.html |
| 986 | |a230503 |